<?xml version="1.0" encoding="UTF-8"?>
<collection xmlns="http://www.loc.gov/MARC21/slim">
<record>
  <controlfield tag="001">148048</controlfield>
  <controlfield tag="005">20260219090938.0</controlfield>
  <datafield tag="024" ind1="7" ind2=" ">
    <subfield code="2">doi</subfield>
    <subfield code="a">10.5209/reciem.91246</subfield>
  </datafield>
  <datafield tag="024" ind1="8" ind2=" ">
    <subfield code="2">sideral</subfield>
    <subfield code="a">141553</subfield>
  </datafield>
  <datafield tag="037" ind1=" " ind2=" ">
    <subfield code="a">ART-2024-141553</subfield>
  </datafield>
  <datafield tag="041" ind1=" " ind2=" ">
    <subfield code="a">mul</subfield>
  </datafield>
  <datafield tag="100" ind1=" " ind2=" ">
    <subfield code="a">Almunia Borruel, José Ángel</subfield>
  </datafield>
  <datafield tag="245" ind1=" " ind2=" ">
    <subfield code="a">Análisis comparativo de la implementación del currículo de Educación Musical en la etapa de Primaria según la LOMLOE en las diferentes Comunidades Autónomas españolas. Explorando el constructo de la creatividad</subfield>
  </datafield>
  <datafield tag="260" ind1=" " ind2=" ">
    <subfield code="c">2024</subfield>
  </datafield>
  <datafield tag="506" ind1="0" ind2=" ">
    <subfield code="a">Access copy available to the general public</subfield>
    <subfield code="f">Unrestricted</subfield>
  </datafield>
  <datafield tag="520" ind1="3" ind2=" ">
    <subfield code="a">La LOMLOE ha realizado cambios significativos en la estructura del sistema educativo, afectando especialmente a la enseñanza de la Educación Musical en Primaria. En este artículo se realiza un análisis cualitativo mediante revisión documental de la normativa vigente en las diferentes Administraciones. Su objetivo principal es comprender la posición de la enseñanza musical en todo el país y determinar los objetivos de aprendizaje buscados en los alumnos. Además, se examinan posibles diferencias educativas según la ubicación geográfica. El estudio se centra en los elementos curriculares y la dedicación temporal, dando especial énfasis al constructo de la creatividad como medio para potenciar la autonomía, comprensión y expresión musical en los estudiantes, así como su desarrollo integral. Asimismo, tras la revisión bibliográfica de los textos legislativos, se identifican las posibles implicaciones que afectarán el futuro de la Educación Musical en esta etapa educativa.   The LOMLOE has made significant changes in the structure of the educational system, especially affecting the teaching of Music Education at the Primary stage. This article conducts a qualitative analysis through  a  documentary  review  of  the  current regulations  in  different  regions.  Its  main  objective  is  to  understand the position of music education across the country and determine the learning objectives sought in  students.  Additionally,  possible  educational  differences  based  on geographical  location  are  examined.  The study focuses on curriculum components and time allocation, with special emphasis on the construct of creativity as a means to enhance autonomy, musical comprehension, and expression in students, as well as their overall development. Furthermore, through the review of legislative texts, potential implications that will  impact  the  future  of  Music  Education  in  this  educational  stage  are  identified.  The  disparity  in  the  full  implementation of all the proposals in the regulation and the challenging attempt to reconcile school time with creative time is evident.</subfield>
  </datafield>
  <datafield tag="540" ind1=" " ind2=" ">
    <subfield code="9">info:eu-repo/semantics/openAccess</subfield>
    <subfield code="a">by</subfield>
    <subfield code="u">https://creativecommons.org/licenses/by/4.0/deed.es</subfield>
  </datafield>
  <datafield tag="590" ind1=" " ind2=" ">
    <subfield code="a">0.6</subfield>
    <subfield code="b">2024</subfield>
  </datafield>
  <datafield tag="592" ind1=" " ind2=" ">
    <subfield code="a">0.241</subfield>
    <subfield code="b">2024</subfield>
  </datafield>
  <datafield tag="593" ind1=" " ind2=" ">
    <subfield code="a">Music</subfield>
    <subfield code="c">2024</subfield>
    <subfield code="d">Q1</subfield>
  </datafield>
  <datafield tag="593" ind1=" " ind2=" ">
    <subfield code="a">Education</subfield>
    <subfield code="c">2024</subfield>
    <subfield code="d">Q3</subfield>
  </datafield>
  <datafield tag="594" ind1=" " ind2=" ">
    <subfield code="a">0.9</subfield>
    <subfield code="b">2024</subfield>
  </datafield>
  <datafield tag="655" ind1=" " ind2="4">
    <subfield code="a">info:eu-repo/semantics/article</subfield>
    <subfield code="v">info:eu-repo/semantics/publishedVersion</subfield>
  </datafield>
  <datafield tag="700" ind1=" " ind2=" ">
    <subfield code="a">Casanova López. Óscar</subfield>
    <subfield code="u">Universidad de Zaragoza</subfield>
    <subfield code="0">(orcid)0000-0002-8263-3447</subfield>
  </datafield>
  <datafield tag="710" ind1="2" ind2=" ">
    <subfield code="1">3001</subfield>
    <subfield code="2">189</subfield>
    <subfield code="a">Universidad de Zaragoza</subfield>
    <subfield code="b">Dpto. Expres.Music.Plást.Corp.</subfield>
    <subfield code="c">Área Didáctica Expres. Musical</subfield>
  </datafield>
  <datafield tag="773" ind1=" " ind2=" ">
    <subfield code="g">21 (2024), 25-54</subfield>
    <subfield code="p">Rev. electrón. complut. investig. educ. music.</subfield>
    <subfield code="t">Revista Electronica Complutense de Investigacion en Educacion Musical</subfield>
    <subfield code="x">1698-7454</subfield>
  </datafield>
  <datafield tag="856" ind1="4" ind2=" ">
    <subfield code="s">254329</subfield>
    <subfield code="u">http://zaguan.unizar.es/record/148048/files/texto_completo.pdf</subfield>
    <subfield code="y">Versión publicada</subfield>
  </datafield>
  <datafield tag="856" ind1="4" ind2=" ">
    <subfield code="s">3004011</subfield>
    <subfield code="u">http://zaguan.unizar.es/record/148048/files/texto_completo.jpg?subformat=icon</subfield>
    <subfield code="x">icon</subfield>
    <subfield code="y">Versión publicada</subfield>
  </datafield>
  <datafield tag="909" ind1="C" ind2="O">
    <subfield code="o">oai:zaguan.unizar.es:148048</subfield>
    <subfield code="p">articulos</subfield>
    <subfield code="p">driver</subfield>
  </datafield>
  <datafield tag="951" ind1=" " ind2=" ">
    <subfield code="a">2026-02-19-09:00:38</subfield>
  </datafield>
  <datafield tag="980" ind1=" " ind2=" ">
    <subfield code="a">ARTICLE</subfield>
  </datafield>
</record>
</collection>